Una metodología innovadora para la caracterización de la situación de salud de las poblaciones indígenas de Chile (Registro nro. 33368)

Detalles MARC
000 -LEADER
fixed length control field 00460 a2200121 4500
001 - CONTROL NUMBER
control field ART_44809
005 - DATE AND TIME OF LATEST TRANSACTION
control field 20260410162024.0
008 - FIXED-LENGTH DATA ELEMENTS--GENERAL INFORMATION
fixed length control field 260409a
100 1# - MAIN ENTRY--PERSONAL NAME
Personal name Pedrero Sanhueza, Malva-Marina
245 10 - TITLE STATEMENT
Title Una metodología innovadora para la caracterización de la situación de salud de las poblaciones indígenas de Chile
700 1# - ADDED ENTRY--PERSONAL NAME
Personal name Oyarce, Ana María
773 0# - HOST ITEM ENTRY
Title Notas de población
Related parts - Año XXXVI, Nº 89 (jul./dic. 2009)
Record control number REV41841

No hay ítems disponibles.